Quizzes
Events
Quiz Creation
Community
Videos
Private Events
Remove Ads
Sign In
Join for FREE
Feedback
Dark Mode
Quiz Categories
Sports
Geography
Music
Movies
Television
Just For Fun
Miscellaneous
History
Literature
Language
Science
Gaming
Entertainment
Religion
Holiday
For Kids
Quiz Lab
Recent
Popular Today
Quiz Kudos Today
Editor Picks
Curator Picks
Quizzes by...
Day
Popularity
Type
Ratings
Length
Year
Community
Subscriptions
Recent Discussions
Orange Saloon
Badges
Playlists
Quests
Create
Leaderboards
Showdown
Live 5
Trivia Bingo
Activity
Puzzle Library
Sporcle Events
Private Events
Virtual Trivia
Globe League
Become a Host
Pub Owners
SporcleCon
Opinionation
Our Games
Videos
Blog
Mobile Apps
Partnerships
Remove Ads and Go Orange
Feedback
Geography
Country
Landmarks
City
State
Population
World
Capital
Continent
Flags
Europe
Africa
Asia
South America
North America
Oceania
Border
Canada
United Kingdom
Topography
United States
Geography
Country
Landmarks
City
State
Population
World
Capital
Continent
Flags
Europe
Africa
Asia
South America
North America
Oceania
Border
Canada
United Kingdom
Topography
United States
Random Quiz
Search Sporcle
×
Quiz Lab
Quiz Lab
Geography
Asia
Type in answers that appear in a list
Type in answers that appear in a list
Classic
Best Score? Go Orange.
Flag Carrier Airlines of Asia Stats
Can you name the flag carrier airlines of asia?
By
remythecooldude
7m
47 Questions
400 Plays
400 Plays
400 Plays
Comments
Comments
Give Quiz Kudos
Give Quiz Kudos
-
- Ratings
hide this ad
More Info
Replay
Link that replays current quiz
Next Quiz
Link to next quiz in quiz playlist
You Got
0%
They Got
Avg Score
50%
Avg Friend Score
Upgrade to see
Score Distribution
Jump to the score distribution portion of the page
Score
0/47
Timer
07:00
0
Plays Today
Country
Airline
% Correct
India
Air India
79.7%
United Arab Emirates
Emirates
77.4%
Japan
Japan Airlines
76.9%
South Korea
Korean Air
75.7%
China
Air China
75.4%
Singapore
Singapore Airlines
74.7%
Russia
Aeroflot
71.4%
Turkey
THY Turkish Airlines
70.2%
Thailand
Thai Airways
69.4%
Israel
El Al
68.7%
Qatar
Qatar Airways
68.7%
Indonesia
Garuda Indonesia
64.4%
Malaysia
Malaysia Airlines
64.2%
Vietnam
Vietnam Airlines
62.7%
Saudi Arabia
Saudia
61.7%
Taiwan
China Airlines
61.4%
North Korea
Air Koryo
60.2%
Iran
Iran Air
58.9%
Oman
Oman Air
56.9%
Pakistan
Pakistan International Airlines
56.4%
Philippines
Philippine Airlines
56.1%
Bahrain
Gulf Air
55.6%
Jordan
Royal Jordanian Airlines
55.1%
Sri Lanka
Sri Lankan Airlines
53.1%
Country
Airline
% Correct
Kuwait
Kuwait Airways
52.6%
Brunei
Royal Brunei Airlines
49.4%
Yemen
Yemenia
48.1%
Bangladesh
Biman Bangladesh Airlines
45.1%
Azerbaijan
Azerbaijan Airlines
40.6%
Kazakhstan
Air Astana
40.6%
Nepal
Nepal Airlines
40.6%
Iraq
Iraqi Airways
40.1%
Lebanon
Middle East Airlines
37.8%
Afghanistan
Ariana Afghan Airlines
37.6%
Uzbekistan
Uzbekistan Airways
35.6%
Bhutan
Druk Air
35.3%
Syria
Syrian Air
34.1%
Turkmenistan
Turkmenistan Airlines
32.1%
Mongolia
MIAT Mongolian Airlines
31.1%
Tajikistan
Tajik Air
28.8%
Laos
Lao Airlines
28.3%
Georgia
Georgian Airways
26.6%
Maldives
Air Maldives
25.3%
Cambodia
Cambodia Angkor Air
24.1%
Armenia
Armavia
20.8%
Kyrgyzstan
Kyrgyzstan Airlines
18.5%
Timor-
Leste (East Timor)
Timor Air
17.5%
Quiz Playlist
Details
Report
Send in Message
Add To Playlist
More Info:
Name the flag carriers of all Asian countries.
Classic:
Type in answers that appear in a list
Last Updated: Feb 16, 2017
Quiz Scoreboard
CHALLENGE
Sign Up to Join the Scoreboard
Show All
Scores
Hide
Comments
May contain spoilers
Recently Published
9x9 Crossword: Cartoon Network
by jackfrog10
Miscellaneous
3m
College Basketball Coaching Resumes
by pancakes188
Sports
9m
Billboard Blitz: Fleetwood Mac
by CooCooCachoo
Music
15s
More to Explore
Quiz From the Vault
Featured Blog Post
Where Did the Easter Bunny Come From?
hide this ad
You Might Also Like...
Tags
Asia Quiz
Aircraft
Airlines Names
airplane
Carrier
National Airlines
plane
Today's Top Quizzes in Geography
Browse Geography
hide this ad
Today's Top Quizzes in Asia
Browse Asia
Top Contributed Quizzes in Geography
1
Countries of the World - No Outlines Minefield
2
Top 25 Cities of France on a map
3
Any capital of a 'B' country per Continent
4
Any capital of a 'C' country per Continent
5
Closest Countries to UK A-Z
6
Any capital of a 'D' country per Continent
7
5-to-1: US Geography No Hints
8
Any capital of an 'E' country per Continent
9
Find the US States - No Outlines
10
Any capital of an 'F' country per Continent
Explore More
Trending Topics
NBA
Disney
Harry Potter
Anime
Crossword
Marvel
Kpop
Puzzle
The Office
WWE
NFL
Pokémon
Country
Soccer
Song
hide this ad
More By:
remythecooldude
Quiz
Plays
Rating
Category
Featured
Created
Poorest Countries (A-Z)
69,454
4.59
Geography
May 27, 2013
African Countries Letter Count
57,003
4.66
Geography
Jul 2, 2013
Geographic Capital Safe Cracker
6,725
4.41
Geography
Jun 5, 2013
Common Beginning Letters of Countries
5,495
3.92
Geography
Jul 2, 2013
Sporcle Geography Millionaire
3,134
2.86
Geography
Jul 4, 2013
Go to Creator's Profile
Score Distribution
Quiz Creator Spotlight
remythecooldude
Follow
Send a Message
Quizzes Created
-
Created Quiz Play Count
-
More By This Creator
Popular Quizzes Today
1
Find the US States - No Outlines Minefield
2
Find the Countries of Europe - No Outlines Minefield
3
The Countries of the World
4
Find the US States
5
Risky Map Clicking: Biggest States A-Z
6
US States
7
Popular People in 1961
8
Movies - When Are They Set?
More Geography Quizzes
4 to 1 Blitz: Gabon
Quiz Lab
Trending Quizzes
Risky Map Clicking: Least Populous States A-Z
1-10 Letter G Words
1-10 Letter F Words
Risky Map Clicking: Next State Alphabetically
Adjectives in 80s TV Shows
Recently Updated
Leaping Animals
pecheneg
Reality TV Shows (A-Z)
bhenderson79
Rickey Henderson's Hall of Fame Teammates
pecheneg
Champions League XIs: Arsenal
pecheneg
Quick Pick: Celebrities in WWE's Hall of Fame
aduchscher
A-Z Keypad Blitz II
pecheneg
Multiple Oscar Actors
pecheneg
Mystery Phrase Blitz: Oscar 'Best Actors'
pecheneg
F. Scott Fitzgerald Novels
LTH
Pick 3 Villains
ddd62291
Trending Topics
Kpop
Marvel
Disney
Harry Potter
NBA
Crossword
Anime
The Office
Soccer
Song
Country
NFL
Puzzle
Pokémon
WWE
Your Account Isn't Verified!
In order to create a playlist on Sporcle, you need to verify the email address you used during registration. Go to your
Sporcle Settings
to finish the process.
Report this User
Report this user for behavior that violates our
Community Guidelines
.
Details:
Send Report
Go to the Sporcle.com Mobile Site →
Comments